House of Shivaji : (Record no. 20691)
[ view plain ]
| 000 -LEADER | |
|---|---|
| fixed length control field | 00820cam a22002531 4500 |
| 001 - CONTROL NUMBER | |
| control field | 8800840 |
| 003 - CONTROL NUMBER IDENTIFIER | |
| control field | BDDh-ASL |
| 005 - DATE AND TIME OF LATEST TRANSACTION | |
| control field | 20231015025925.0 |
| 008 - FIXED-LENGTH DATA ELEMENTS--GENERAL INFORMATION | |
| fixed length control field | 780621s1940 ii 000 0 eng |
| 010 ## - LIBRARY OF CONGRESS CONTROL NUMBER | |
| LC control number | 44011946 |
| 035 ## - SYSTEM CONTROL NUMBER | |
| System control number | (OCoLC)3990857 |
| 040 ## - CATALOGING SOURCE | |
| Original cataloging agency | DLC |
| Transcribing agency | MnU |
| Modifying agency | MnU |
| -- | OCoLC |
| -- | DLC |
| -- | BDDh-ASL |
| 050 00 - LIBRARY OF CONGRESS CALL NUMBER | |
| Classification number | DS461.9.S5 |
| Item number | S28 |
| 082 ## - DEWEY DECIMAL CLASSIFICATION NUMBER | |
| Classification number | 954 |
| Item number | SAH |
| 100 1# - MAIN ENTRY--PERSONAL NAME | |
| Personal name | Sarkar, Jadunath, |
| Titles and words associated with a name | Sir, |
| Dates associated with a name | 1870-1958. |
| 245 10 - TITLE STATEMENT | |
| Title | House of Shivaji : |
| Remainder of title | studies and documents of Maratha history: royal period / |
| Statement of responsibility, etc. | [by] Sir Jadunath Sarkar, kt. |
| 260 ## - PUBLICATION, DISTRIBUTION, ETC. | |
| Place of publication, distribution, etc. | Calcutta: |
| Name of publisher, distributor, etc. | Orient Longman, |
| Date of publication, distribution, etc. | 1940. |
| -- | 1978. |
| 300 ## - PHYSICAL DESCRIPTION | |
| Extent | 304 p. |
| Dimensions | 22 cm. |
| 600 00 - SUBJECT ADDED ENTRY--PERSONAL NAME | |
| Personal name | Shivaji, |
| Titles and other words associated with a name | Raja, |
| Dates associated with a name | 1627-1680. |
| 650 #0 - SUBJECT ADDED ENTRY--TOPICAL TERM | |
| Topical term or geographic name entry element | Maratha (Indic people) |
| 651 #0 - SUBJECT ADDED ENTRY--GEOGRAPHIC NAME | |
| Geographic name | India |
| General subdivision | History |
| Chronological subdivision | 1526-1765. |
| 906 ## - LOCAL DATA ELEMENT F, LDF (RLIN) | |
| a | 7 |
| b | cbc |
| c | oclcrpl |
| d | u |
| e | ncip |
| f | 19 |
| g | y-gencatlg |
| 942 ## - ADDED ENTRY ELEMENTS (KOHA) | |
| Source of classification or shelving scheme | Dewey Decimal Classification |
| Koha item type | Books |
| Withdrawn status | Lost status | Source of classification or shelving scheme | Damaged status | Not for loan | Collection code | Home library | Current library | Shelving location | Date acquired | Source of acquisition | Total Checkouts | Full call number | Barcode | Date last seen | Copy number | Price effective from | Koha item type | Public note |
|---|---|---|---|---|---|---|---|---|---|---|---|---|---|---|---|---|---|---|
| Dewey Decimal Classification | Not For Loan | Non-fiction | Asiatic Society Library | Asiatic Society Library | Ludden Collection | 01/13/2021 | Donated by Prof. David Ludden | 954 SAH | 104163 | 01/13/2021 | C-1 | 01/13/2021 | Books | RARE |